[Event "Frunze"]
[Site "Frunze"]
[Date "1988.??.??"]
[Round "?"]
[White "Vladimirov, Evgeny"]
[Black "Kiselev, Sergey"]
[Result "1-0"]
[WhiteElo "2540"]
[BlackElo "2420"]

1.d4 Nf6 2.c4 e6 3.Nf3 Bb4+ 4.Bd2 a5 5.Nc3 b6 6.Bg5 Bb7 7.e3 h6 8.Bh4 g5
9.Bg3 Ne4 10.Nd2 Nxg3 11.hxg3 Bxc3 12.bxc3 d6 13.Rh2 Nd7 14.Be2 Qf6 15.g4 Ke7
16.Nf1 Raf8 17.Ng3 Kd8 18.Rb1 Kc8 19.Qc2 Qe7 20.Bd3 h5 21.gxh5 f5 22.Kf1 Nf6
23.Re1 Kb8 24.Qd1 Qf7 25.Kg1 f4 26.exf4 gxf4 27.Ne4 Rxh5 28.Rxh5 Qxh5 29.Nxf6 Qxd1
30.Nd7+ Kc8 31.Nxb6+ cxb6 32.Rxd1 Rg8 33.d5 e5 34.Bf1 Kc7 35.f3 Bc8 36.Kf2 Bf5
37.Be2 Rh8 38.Rg1 Rh2 39.Ke1 Kd8 40.a3 Ke7 41.g3 fxg3 42.Rxg3 Rh1+ 43.Kd2 Kf7
44.Rg5 Bg6 45.Bd3 Rh2+ 46.Ke3 Bxd3 47.Kxd3 Rf2 48.Rf5+ Ke7 49.a4 Ra2 50.Rh5 Kd7
51.Rh7+ Kc8 52.c5 bxc5 53.Kc4 Rb2 54.Ra7 Kb8 55.Ra6 Kc7 56.Rxa5 Kb6 57.Ra8 Ra2
58.Rb8+ Kc7 59.Rf8 Rxa4+ 60.Kb5 Ra3 61.Rf7+ Kd8 62.c4 Kc8 63.Kb6 Kd8 64.Kc6 Ra6+
65.Kb5 Ra3 66.Kb6 Ra4 67.Ra7 Rxc4 68.Kc6 Rf4 69.Kxd6 Rf6+ 70.Kxe5 Rxf3 71.Ke6 Kc8
72.d6 Rd3 73.d7+ Kb8 74.Ra5 Kb7 75.Rxc5 Re3+ 76.Kf7 Rf3+ 77.Ke7 Re3+ 78.Kd8 Re1
79.Rc7+ Kb8 80.Rc4 Kb7 81.Rb4+ Ka7 82.Kc7 Rc1+ 83.Kd6  1-0

[Event "Frunze"]
[Site "Frunze"]
[Date "1988.??.??"]
[Round "?"]
[White "Timoshchenko, Gennadi A"]
[Black "Kiselev, Sergey"]
[Result "1-0"]
[WhiteElo "2455"]
[BlackElo "2420"]

1.d4 Nf6 2.c4 e6 3.Nf3 Bb4+ 4.Bd2 a5 5.g3 O-O 6.Bg2 b6 7.O-O Bb7 8.Bg5 Be7
9.Qc2 Be4 10.Qd2 Bb7 11.Nc3 d5 12.cxd5 exd5 13.Rfd1 Nbd7 14.Qc2 Bb4 15.Bf4 Nh5
16.Be5 f5 17.Bf4 g6 18.Ne5 Nxf4 19.gxf4 Nxe5 20.fxe5 f4 21.Na4 Kh8 22.Rd3 Rc8
23.Rb3 b5 24.Nc5 Bxc5 25.Qxc5 Ba6 26.Rh3 Rf7 27.a3 b4 28.axb4 Bxe2 29.bxa5 Bg4
30.Rb3 f3 31.e6 Bxe6 32.Rxf3 Rxf3 33.Bxf3 Qf6 34.Bg2 Bg4 35.Qc3 Be2 36.a6 Ra8
37.a7 Bb5 38.Qg3 Qf8 39.Qe5+ Kg8 40.Bh3 h5 41.Qxc7 Kh8 42.Re1  1-0

[Event "Frunze"]
[Site "Frunze"]
[Date "1988.??.??"]
[Round "?"]
[White "Dautov, Rustem"]
[Black "Kiselev, Sergey"]
[Result "0-1"]
[WhiteElo "2525"]
[BlackElo "2420"]

1.d4 Nf6 2.Nf3 e6 3.c4 Bb4+ 4.Bd2 Qe7 5.g3 Nc6 6.Nc3 d5 7.a3 Bxc3 8.Bxc3 O-O
9.Bg2 Rd8 10.O-O a5 11.b3 Bd7 12.Bb2 Be8 13.Qc2 Ne4 14.Ne1 Nf6 15.Nd3 Rab8
16.e3 Rdc8 17.Rfc1 b6 18.cxd5 exd5 19.Bh3 Rd8 20.Ne5 Rd6 21.b4 Ne4 22.Nd3 axb4
23.axb4 Rh6 24.Bg2 Rc8 25.b5 Nb4 26.Qb3 Nxd3 27.Qxd3 Qb4 28.Rc2 f5 29.Bf1 Qe7
30.Rac1 Rf6 31.Qa3 Qd8 32.Qb3 Rf7 33.Ba3 Ra8 34.Bb4 Ra7 35.Ra2 Rxa2 36.Qxa2 g5
37.f3 Nf6 38.Bd3 Bd7 39.Qc2 Qe8 40.Bd2 g4 41.fxg4 fxg4 42.Qxc7 Bf5 43.Qc2 Bxd3
44.Qxd3 Ne4 45.Be1 Ng5 46.Kg2 Qf8 47.Qc2 Rc7  0-1

[Event "Gausdal Int"]
[Site "Gausdal"]
[Date "1988.??.??"]
[Round "?"]
[White "Callergard, Robert"]
[Black "Haugli, Petter"]
[Result "0-1"]
[WhiteElo "2330"]
[BlackElo "2330"]

1.Nf3 Nf6 2.d4 e6 3.c4 Bb4+ 4.Bd2 a5 5.Nc3 O-O 6.e3 d6 7.Bd3 Nbd7 8.Qc2 e5
9.O-O-O Re8 10.dxe5 dxe5 11.Ng5 h6 12.Nge4 Nxe4 13.Bxe4 Nf6 14.a3 Bc5 15.h3 Qe7
16.g4 Be6 17.Rdg1 Nxe4 18.Nxe4 Ra6 19.g5 Bf5 20.Nf6+ Qxf6 21.gxf6 Bxc2 22.Rxg7+ Kf8
23.Kxc2 Rxf6 24.Rg2 a4 25.Bc3 Rf5 26.Kd3 Ke7 27.Ke2 Ke6 28.Rg4 Rh5 29.h4 Be7
30.c5 Ra8 31.c6 b5 32.Bb4 Bf6 33.Kf3 Ra6 34.Rc1 Rxh4 35.Rg8 Rc4 36.Rd1 e4+
37.Kg4 Bxb2 38.Re8+ Kf6 39.Rh1 Kg6 40.Bf8 f5+ 41.Kf4 Kf7 42.Rb8 Raxc6 43.Rh5 Rf6
44.Rxb5 Rc2 45.Bxh6 Rxf2+ 46.Kg5 Rg6+ 47.Kh4 Rh2+  0-1

[Event "Peer Gynt"]
[Site "Gausdal"]
[Date "1988.??.??"]
[Round "?"]
[White "Wegner, Hannu"]
[Black "Iskov, Gert"]
[Result "0-1"]
[WhiteElo "2290"]
[BlackElo "2325"]

1.d4 Nf6 2.c4 e6 3.Nf3 Bb4+ 4.Bd2 Qe7 5.g3 Nc6 6.Nc3 Bxc3 7.Bxc3 Ne4 8.Rc1 d6
9.Bg2 O-O 10.d5 Nxc3 11.Rxc3 Nb8 12.dxe6 fxe6 13.O-O Nc6 14.Nd4 Bd7 15.Re3 Nxd4
16.Qxd4 Qf6 17.Qxf6 Rxf6 18.Rb3 Bc6 19.Bxc6 bxc6 20.Rb7 Rf7 21.Rc1 Kf8 22.c5 d5
23.Rc3 Ke8 24.Ra3 a6 25.Rb4 Kd7 26.Rba4 Rb8 27.Rb3 Rb5 28.Rxb5 axb5 29.Ra8 d4
30.b3 Rf5 31.Rg8 Rxc5 32.Rxg7+ Kd6 33.Rxh7 Rc2 34.Kf1 Rxa2 35.h4 c5 36.h5 c4
37.bxc4 bxc4 38.Ke1 c3 39.Kd1 Rd2+ 40.Ke1 d3  0-1

[Event "Geneve op"]
[Site "Geneve"]
[Date "1988.??.??"]
[Round "?"]
[White "Garcia Martinez, Silvino"]
[Black "Delanoy, Arnaud"]
[Result "1-0"]
[WhiteElo "2405"]
[BlackElo "2215"]

1.d4 e6 2.c4 Nf6 3.Nf3 Bb4+ 4.Bd2 Qe7 5.g3 b6 6.Bg2 Bb7 7.O-O Bxd2 8.Nbxd2 c5
9.dxc5 bxc5 10.Qb3 d6 11.Rfd1 O-O 12.Rac1 Nc6 13.Qe3 Rab8 14.Nb1 Ba8 15.Rd2 Rfd8
16.b3 Nb4 17.Nc3 Kf8 18.h3 Rb6 19.Rcd1 h6 20.Qxc5 Bxf3 21.Bxf3 dxc5 22.Rxd8+ Ne8
23.R1d7 Qf6 24.Nb5 Nc6 25.Rc8 Ne7 26.Ra8 Nc6 27.Bxc6 Rxc6 28.Nc7 Rxc7 29.Rxc7 Qa1+
30.Kg2 Qxa2 31.Rcc8 Kg8 32.Rxe8+ Kh7 33.Re7 Qxe2 34.Raxa7 Qe4+ 35.Kh2 h5
36.Rxf7 h4 37.Rxg7+ Kh8 38.Rh7+ Kg8 39.Rxh4 Qc2 40.Rg4+ Kf8 41.Rf4+ Kg8  1-0

[Event "Bundesliga 8788"]
[Site "Germany"]
[Date "1988.??.??"]
[Round "?"]
[White "Schacht, Holger"]
[Black "Ostermeyer, Peter"]
[Result "0-1"]
[WhiteElo "2310"]
[BlackElo "2450"]

1.d4 Nf6 2.c4 e6 3.Nf3 Bb4+ 4.Bd2 Qe7 5.g3 Nc6 6.Bg2 Bxd2+ 7.Nbxd2 a5 8.O-O d6
9.e4 e5 10.d5 Nb8 11.Ne1 h5 12.Nd3 h4 13.Qe2 Na6 14.b3 Bg4 15.f3 Bd7 16.Rfc1 hxg3
17.hxg3 Nh5 18.Nf1 b6 19.Qe3 Nc5 20.Nf2 Rh6 21.Rd1 Rg6 22.g4 Nf4 23.Nh3 Nxg2
24.Kxg2 Bxg4 25.fxg4 Rxg4+ 26.Kh2 Nxe4 27.Nd2 Qh4 28.Rg1 Nf6 29.Nf3 Qh5 30.Ng5 Ke7
31.Raf1 Rh8 32.Rg3 Rxg3 33.Qxg3 Qe2+ 34.Kg1 Qxa2 35.Nxf7 Kxf7 36.Ng5+ Ke7
37.Ne6 Ng4 38.Ng5 Qe2 39.Rf3 Qd1+  0-1

[Event "JUG-ch"]
[Site "?"]
[Date "1988.??.??"]
[Round "?"]
[White "Osterman, Rudolf"]
[Black "Djuric, Stefan"]
[Result "0-1"]
[WhiteElo "2295"]
[BlackElo "2475"]

1.d4 Nf6 2.c4 e6 3.Nf3 Bb4+ 4.Bd2 Qe7 5.a3 Bxd2+ 6.Qxd2 d6 7.Nc3 e5 8.d5 Nbd7
9.e4 Nc5 10.Qc2 a5 11.g3 O-O 12.Bg2 a4 13.Nd2 Ng4 14.h3 Nh6 15.g4 Kh8 16.O-O-O c6
17.Kb1 Bd7 18.f3 Qh4 19.dxc6 bxc6 20.Nf1 Ne6 21.Rxd6 Nd4 22.Qd2 Qe7 23.c5 f6
24.f4 Nb3 25.Qf2 Nf7 26.Rd1 exf4 27.Qxf4 Ne5 28.Ne3 Qxc5 29.Nc2 Rab8 30.Bf1 Be6
31.Qe3 Qa5 32.Nd4 Nxd4 33.Rxd4 Rb3 34.Rh2 Qc5 35.Rc2 Qxa3 36.Qe2 Rb4 37.Qe1 Rfb8
38.Rxb4 Qxb4 39.Kc1 Qd4 40.Rd2 Qe3 41.Qe2 Qf4  0-1

[Event "Kassel"]
[Site "Kassel"]
[Date "1988.??.??"]
[Round "?"]
[White "Zlotnik, Boris A"]
[Black "Dimitrov, Atanas"]
[Result "1/2-1/2"]
[WhiteElo "2430"]
[BlackElo "2365"]

1.d4 Nf6 2.Nf3 e6 3.c4 Bb4+ 4.Bd2 Qe7 5.g3 O-O 6.Bg2 Bxd2+ 7.Qxd2 d6 8.Nc3 e5
9.O-O Re8 10.e4 Bg4 11.d5 Bxf3 12.Bxf3 a5 13.a3 c6 14.Rab1 cxd5 15.cxd5 Nbd7  1/2-1/2

[Event "Kecskemet"]
[Site "Kecskemet"]
[Date "1988.??.??"]
[Round "?"]
[White "Boensch, Uwe"]
[Black "King, Daniel J"]
[Result "1/2-1/2"]
[WhiteElo "2510"]
[BlackElo "2520"]

1.d4 Nf6 2.c4 e6 3.Nf3 Bb4+ 4.Bd2 Bxd2+ 5.Nbxd2 d6 6.g3 O-O 7.Bg2 Qe7 8.O-O e5
9.e4 Bg4 10.d5 a5 11.Qc2 Bxf3 12.Bxf3 Na6 13.a3 c6 14.Rac1 Rfc8 15.Qb1 a4
16.b4 axb3 17.Nxb3 Rcb8 18.Rfd1 c5 19.Rc3 Nc7 20.Nxc5 dxc5 21.d6 Qd8 22.dxc7 Qxc7
23.Rcd3 h6 24.R1d2 Ra4 25.Qc1 Rba8 26.Bd1 R4a6 27.Bc2 g6 28.Rd1 Kg7 29.Qb2 Rb6
30.Qa1 Qe7 31.f4 Re6 32.f5 Rb6 33.fxg6 fxg6 34.R1d2 Rf8 35.Qd1 Qe6 36.Qe2 Rf7
37.Rd8 Qh3 38.Qd1 Ng4 39.R8d7 Rf6 40.Rxf7+ Rxf7 41.Bd3 Rd7 42.Qe2 h5 43.Qf3 Nf6
44.Rf2 Qe6 45.Bf1 Qc6 46.h3 Rd4 47.g4 hxg4 48.hxg4 Rxe4 49.g5 Rg4+ 50.Bg2 Qxf3
51.Rxf3 Nh5 52.Kf2 Nf4 53.Bf1 Rxg5 54.Rb3 Rh5 55.Rxb7+ Kf6 56.Kg3 Rh1 57.Rb1 Rh8
58.Kg4 Ra8 59.Rb6+ Ke7 60.Rb3 Kf6 61.Rb6+ Ke7 62.Rb7+ Kd6 63.Rb3 Ra6 64.Kg5 Ke6
65.Bh3+ Nxh3+ 66.Rxh3 Ra4 67.Rc3 Kf7 68.Rf3+ Ke7 69.Rc3 Ke6 70.Kg4 Ra6 71.Rb3 Rd6
72.Kg5 Kd7 73.Rb7+ Kc6 74.Re7 Rd4 75.Re6+ Kd7 76.Rxg6 Rxc4 77.Kf5 e4 78.Kf4  1/2-1/2

[Event "URS-FL56"]
[Site "Klaipeda"]
[Date "1988.??.??"]
[Round "?"]
[White "Shirov, Alexei"]
[Black "Kholmov, Ratmir D"]
[Result "1/2-1/2"]
[WhiteElo "2380"]
[BlackElo "2475"]

1.d4 Nf6 2.c4 e6 3.Nf3 Bb4+ 4.Bd2 Bxd2+ 5.Nbxd2 d5 6.Qc2 Nbd7 7.g3 O-O 8.Bg2 c6
9.O-O b6 10.Rac1 Bb7 11.c5 bxc5 12.dxc5 a5 13.e4 a4 14.exd5 exd5 15.Nd4 Ra5
16.b4 axb3 17.N2xb3 Ra4 18.Rfe1 Qa8 19.Re2 Ba6 20.Rd2 Re8 21.Nf5 g6 22.Nd6 Re7
23.Nd4 Ra5 24.Nb3 Ra4 25.Rd4 Ra3 26.Rcd1 Be2 27.Ra1 Bg4 28.f3 Be6 29.Rb4 Nf8
30.Qb2 Ne8 31.Nd4 Bd7 32.Rb8 Qa7 33.Nc8 Bxc8 34.Rxc8 Qxc5 35.Rxc6 Qa7 36.Rb6 Rc7
37.Kh1 Ra4 38.f4 Nd7 39.Rb4 Rxb4 40.Qxb4 Rc4 41.Qe7 Qxd4 42.Qxe8+ Kg7 43.Rf1 Nf6
44.Qe5 Qd2 45.g4 Rc2 46.Rg1 Qe2 47.Qxe2 Rxe2 48.Ra1 Nxg4 49.Bxd5 Rxh2+ 50.Kg1 Rb2
51.a4 Ne3 52.Bc6 Nc2 53.Rd1 Nb4 54.Be8 Kf8 55.Bb5 Na2 56.Bc4 Rc2 57.Bb3 Rb2
58.Bc4 Rb4 59.Bxa2 Rxa4 60.Rd2 Rxf4 61.Rf2 Rg4+ 62.Kh2 f5 63.Be6 Rg5 64.Ra2 Kg7
65.Ra7+ Kf6 66.Bb3  1/2-1/2

[Event "URS-FL56"]
[Site "Klaipeda"]
[Date "1988.??.??"]
[Round "?"]
[White "Dokhoian, Yury"]
[Black "Balashov, Yuri S"]
[Result "1/2-1/2"]
[WhiteElo "2520"]
[BlackElo "2540"]

1.d4 Nf6 2.c4 e6 3.Nf3 Bb4+ 4.Bd2 Bxd2+ 5.Qxd2 d5 6.g3 O-O 7.Bg2 c6 8.O-O Nbd7
9.Rc1 b6 10.Na3 Bb7 11.cxd5 exd5 12.Nc2 Re8 13.Nb4 c5 14.Nd3 Ne4 15.Qf4 c4
16.Nde5  1/2-1/2

[Event "URS-FL56"]
[Site "Klaipeda"]
[Date "1988.??.??"]
[Round "?"]
[White "Dokhoian, Yury"]
[Black "Ionov, Sergey"]
[Result "1/2-1/2"]
[WhiteElo "2520"]
[BlackElo "2360"]

1.d4 Nf6 2.c4 e6 3.Nf3 Bb4+ 4.Bd2 c5 5.Bxb4 cxb4 6.g3 O-O 7.Bg2 d6 8.Nbd2 Nc6
9.Nf1 Qa5 10.Ne3 b3+ 11.Qd2 Qxd2+ 12.Nxd2 Nxd4 13.Nxb3 Nxb3 14.axb3 a6 15.O-O Rd8
16.Rfd1 Rb8 17.b4 Kf8 18.Rd2 Ke7 19.Rad1 Ne8 20.c5 d5 21.Nc4 Bd7 22.Nb6  1/2-1/2

[Event "Kobanya op"]
[Site "Kobanya"]
[Date "1988.??.??"]
[Round "?"]
[White "Kormanyos, Zoltan"]
[Black "De Valliere, Vincent"]
[Result "1-0"]
[WhiteElo "2300"]
[BlackElo "2205"]

1.d4 Nf6 2.c4 e6 3.Nf3 Bb4+ 4.Bd2 c5 5.Bxb4 cxb4 6.e3 O-O 7.Bd3 d6 8.O-O Nc6
9.e4 e5 10.d5 Nb8 11.Qd2 a5 12.a3 Na6 13.axb4 Nxb4 14.Nc3 Nd7 15.Na2 Nxd3
16.Qxd3 Nc5 17.Qe3 Qb6 18.Nc3 f5 19.exf5 Bxf5 20.Nd2 Qxb2 21.Nb5 Bd3 22.Rfc1 Ra6
23.Nc7 Rb6 24.Ne6 Nxe6 25.dxe6 Qd4 26.Qxd4 exd4 27.Rxa5 Re8 28.Rd5 Rb2 29.Nf1 Rxe6
30.Rxd4 Bxf1 31.Rxf1 Rb4 32.g3 b5 33.Rfd1 bxc4 34.Rxd6 Kf7 35.Rd7+ Re7 36.R7d4 h6
37.Rc1 Rc7 38.f4 Ke6 39.Rc3 Kf5 40.Kg2 Kg4 41.Rc2 Kf5 42.Kh3 Kf6 43.Kg4 Rc6
44.h4 Ke7 45.h5 Kf6 46.Rc3 Rc7 47.Kh4 Ra4 48.g4 Rb4 49.Re4 Ra4 50.Rf3 Ra5
51.Rc3 Rac5 52.Kg3 Rc8 53.Kf3 R5c6 54.Ke3 R6c7 55.Re5 Rd7 56.Ke4 Rd1 57.g5+ hxg5
58.fxg5+ Kf7 59.g6+ Kg8 60.Kf3 Rf1+ 61.Kg3 Rf6 62.Re4 Rfc6 63.Re7 Rc5 64.Kg4 Kf8
65.Rf7+ Kg8 66.Re7 Kf8 67.Rd7 Kg8 68.Kh4 Re8 69.Re3 Rec8 70.Ree7 c3 71.Rxg7+ Kh8
72.Rh7+ Kg8 73.Rdg7+ Kf8 74.h6  1-0

[Event "Lloyds Bank op"]
[Site "London"]
[Date "1988.??.??"]
[Round "?"]
[White "Wilder, Michael"]
[Black "Chandler, Murray G"]
[Result "1/2-1/2"]
[WhiteElo "2505"]
[BlackElo "2605"]

1.d4 Nf6 2.c4 e6 3.Nf3 Bb4+ 4.Bd2 c5 5.Bxb4 cxb4 6.a3 bxa3 7.Rxa3 O-O 8.Nc3 d6
9.e3 Nc6 10.Be2 e5 11.O-O Bg4 12.h3 Bh5 13.Qd2 Re8 14.Rd1 h6 15.Raa1 b6 16.Qc2 Qe7
17.Qa4 Rec8 18.Rac1 e4 19.Nd2 Bxe2 20.Nxe2 a5 21.Ng3 Nb4 22.Rf1 d5 23.cxd5 Nbxd5
24.Rc6 g6 25.Rfc1 Rd8 26.Qb5 Kg7 27.Nc4 Rab8 28.Ne5 Qe8 29.Qb3 b5 30.R6c5 Rb6
31.Qc2 Nb4 32.Qd2 Nfd5 33.Qe2 f6 34.Rc7+ Nxc7 35.Rxc7+ Kg8 36.Qg4 fxe5 37.Nf5 Nd5
38.Nxh6+ Kh8 39.Ra7 Nf6 40.Nf7+ Qxf7 41.Qh4+ Kg7 42.Rxf7+ Kxf7 43.dxe5 Rd1+
44.Kh2 Nh5 45.Qxe4 Rd2 46.f4 Ng7 47.Qa8 Re6 48.Qb7+ Re7 49.Qxb5 Rc7 50.Qxa5 Rcc2
51.Qa2+ Ne6 52.Qa7+ Kg8 53.Qa8+ Kh7 54.b4 Ng7 55.Qb7 Re2 56.h4 Kh6 57.Qa8 Kh7
58.h5 Nxh5 59.b5 Ng7 60.b6 Nf5 61.Qb7+  1/2-1/2

[Event "Haringey"]
[Site "London"]
[Date "1988.??.??"]
[Round "?"]
[White "Hebden, Mark"]
[Black "Jacobs, Byron A"]
[Result "1-0"]
[WhiteElo "2460"]
[BlackElo "2320"]

1.d4 Nf6 2.c4 e6 3.Nf3 Bb4+ 4.Bd2 Qe7 5.g3 Nc6 6.Nc3 Bxc3 7.Bxc3 Ne4 8.Rc1 O-O
9.Bg2 a5 10.O-O d6 11.Be1 f5 12.d5 Nd8 13.Nd2 Nf6 14.dxe6 Nxe6 15.Nb1 Nc5
16.Nc3 c6 17.Qd4 Ne6 18.Qd2 a4 19.Rd1 Rd8 20.Qc2 Nc5 21.Bd2 Nfe4 22.Be3 Nxc3
23.Qxc3 Ne4 24.Qc2 Nf6 25.Rd4 Be6 26.Bg5 h6 27.Bxf6 Qxf6 28.Rfd1 Bf7 29.e3 Ra5
30.Qd2 Rc5 31.Qb4 b5 32.b3 axb3 33.axb3 Kh7 34.h3 bxc4 35.bxc4 Rd7 36.Bf1 Qe5
37.Qb8 Qe7 38.Ra1 Rd8 39.Qb6 Rd7 40.Qb1 Bg6 41.Ra8 Rb7 42.Qd1 Rd7 43.h4 Bf7
44.Bd3 Re5 45.Qf3 c5 46.Rf4 g6 47.h5 Qg5 48.hxg6+ Bxg6 49.Rf8 Rd8 50.Bxf5 Rxf8
51.Bxg6+ Qxg6 52.Rxf8 Kg7 53.Rd8 Qb1+ 54.Kg2 Rf5 55.Qg4+  1-0

[Event "Haringey"]
[Site "London"]
[Date "1988.??.??"]
[Round "?"]
[White "Pein, Malcolm"]
[Black "Jacobs, Byron A"]
[Result "1/2-1/2"]
[WhiteElo "2410"]
[BlackElo "2320"]

1.d4 Nf6 2.Nf3 e6 3.c4 Bb4+ 4.Bd2 Qe7 5.g3 Nc6 6.Nc3 O-O 7.Bg2 Bxc3 8.Bxc3 Ne4
9.Rc1 Nxc3 10.Rxc3 d6 11.d5 Nb8 12.dxe6 fxe6 13.O-O Nd7 14.Nd4 Nf6 15.Qb3 c5
16.Nc2 Rb8 17.Rd1 b6 18.e4 Bb7 19.f3 Rbd8 20.Rcd3 e5 21.Qa4 Qc7 22.Ne3 g6
23.R1d2 Ne8 24.Qd1 Qe7 25.a3 Kg7 26.b4 Qc7 27.Qa1 Kg8 28.Ng4 Ra8 29.Qc3 Bc8
30.Ne3 Be6 31.b5 Qe7 32.a4 a5 33.f4 exf4 34.gxf4 Rxf4 35.e5 Rd8 36.exd6 Qf6
37.d7 Rxd7 38.Qxf6 Nxf6 39.Rxd7 Nxd7 40.Rd6 Kf7 41.Bd5 Nf8 42.Rxb6 Bxd5 43.cxd5 Rxa4
44.Rb7+ Kf6 45.Rc7 Rb4 46.Rxc5 Nd7 47.Rc6+ Ke7 48.Nc4 Rxb5 49.Ra6 Rxd5 50.Rxa5  1/2-1/2

[Event "Luxembourg op"]
[Site "Luxembourg"]
[Date "1988.??.??"]
[Round "4"]
[White "Werner, Dimo"]
[Black "Schmittdiel, Eckhard"]
[Result "0-1"]
[WhiteElo "2380"]
[BlackElo "2420"]

1.d4 Nf6 2.c4 e6 3.Nf3 Bb4+ 4.Bd2 c5 5.Bxb4 cxb4 6.g3 O-O 7.Bg2 d6 8.O-O Qc7
9.Qb3 a5 10.a3 Na6 11.axb4 Nxb4 12.Na3 Bd7 13.Rfc1 b6 14.Nb5 Bxb5 15.cxb5 Qd7
16.d5 e5 17.Nd2 Qxb5 18.e4 Qd7 19.Bf1 Rfc8 20.Rc3 Qd8 21.Rac1 Rc5 22.f3 Nd7
23.Bh3 Rxc3 24.bxc3 Nc5 25.Qc4 Nbd3 26.Rb1 a4 27.Bf1 Qg5 28.Bxd3 Qe3+ 29.Kg2 Nxd3
30.Nf1 Qe2+  0-1

[Event "Lvov"]
[Site "Lvov"]
[Date "1988.??.??"]
[Round "?"]
[White "Novikov, Igor A"]
[Black "Lalev, Dimitar"]
[Result "1-0"]
[WhiteElo "2485"]
[BlackElo "2430"]

1.d4 Nf6 2.c4 e6 3.Nf3 Bb4+ 4.Bd2 c5 5.Bxb4 cxb4 6.g3 O-O 7.Bg2 d6 8.O-O Nc6
9.Nbd2 e5 10.d5 Nb8 11.a3 Na6 12.Ne1 Bg4 13.Nd3 Qb6 14.axb4 Nxb4 15.c5 Qb5
16.Nxb4 Qxb4 17.cxd6 Qb5 18.f3 Bd7 19.e4 Ne8 20.f4 exf4 21.gxf4 Nxd6 22.Qb3 Qc5+
23.Kh1 Bb5 24.Rf3 Rac8 25.e5 Nf5 26.Rc3 Qf2 27.Ne4 Rxc3 28.Qxb5 Qxf4 29.Nxc3 Ne3
30.Qe2 Ng4 31.Be4  1-0

[Event "Mazatlan rapid"]
[Site "Mazatlan"]
[Date "1988.??.??"]
[Round "?"]
[White "Karpov, Anatoly"]
[Black "Gavrikov, Viktor"]
[Result "1/2-1/2"]
[WhiteElo "2715"]
[BlackElo "2545"]

1.d4 Nf6 2.c4 e6 3.Nf3 Bb4+ 4.Bd2 c5 5.Bxb4 cxb4 6.g3 b6 7.Bg2 Bb7 8.O-O O-O
9.Nbd2 a5 10.Qb3 Na6 11.Qd3 d6 12.Nh4 Bxg2 13.Nxg2 Re8 14.e4 e5 15.Ne3 exd4
16.Qxd4 Nc5 17.f3 Ne6 18.Qd3 Nc5 19.Qd4 Ne6 20.Qd3 Nc5 21.Qe2 Qd7 22.Rf2 Qe6
23.Rd1 g6 24.Nb3 Nxb3 25.axb3 Rac8 26.Qd3 Red8 27.Qd4 Rc5 28.Rfd2 h5 29.Ng2 Qe7
30.Nf4 Rd7 31.Nd3 Rc6 32.Re1 h4 33.Nf4 hxg3 34.hxg3 Qe5 35.Red1 Qg5  1/2-1/2

[Event "Montpellier"]
[Site "Montpellier"]
[Date "1988.??.??"]
[Round "12"]
[White "Andruet, Gilles"]
[Black "Gachon, Lionel"]
[Result "1-0"]
[WhiteElo "2430"]
[BlackElo "2305"]

1.d4 Nf6 2.c4 e6 3.Nf3 Bb4+ 4.Bd2 Bxd2+ 5.Qxd2 d6 6.Nc3 Qe7 7.g3 e5 8.Bg2 O-O
9.O-O Re8 10.e4 Bg4 11.Nh4 Nc6 12.d5 Nd4 13.Nb5 Nxb5 14.cxb5 Qd7 15.f3 Bh5
16.Qa5 a6 17.Rfc1 Rec8 18.bxa6 Rxa6 19.Qd2 Bg6 20.Bf1 Ra4 21.Bc4 c6 22.b3 Raa8
23.Rd1 Rd8 24.Ng2 Ne8 25.Ne3 Nc7 26.b4 Nb5 27.Bxb5 cxb5 28.g4 h5 29.h3 Qe7
30.Rdc1 Rac8 31.Kg2 Qg5 32.Nf1 Qe7 33.Rc2 Rc4 34.Rxc4 bxc4 35.a4 Rc8 36.Rc1 Qc7
37.Qc3 f6 38.Ne3 b5 39.a5 hxg4 40.hxg4 Qa7 41.Nc2 Be8 42.Qe3 Rc7 43.Qxa7 Rxa7
44.Ne3 Bd7 45.Kf2 g5 46.Ra1 Ra6 47.Ke2 Kf7 48.Kd2 Bc8 49.Kc3 Ra7 50.Ra2 Kg6
51.Nf5 Bxf5 52.exf5+ Kf7 53.a6 Ke7 54.Ra5 Kd7 55.Rxb5 Rxa6 56.Ra5 Rb6 57.Ra7+ Kc8
58.Kxc4 Kb8 59.Rf7 Ra6 60.Kb5 Ra3 61.Kb6 Kc8 62.Kc6 Ra6+ 63.Kb5 Ra3 64.Rxf6 Kd7
65.Rg6 Rxf3 66.Rxg5 e4 67.Rg7+ Kd8 68.Kc6 e3 69.Kxd6  1-0

[Event "Moscow-ch"]
[Site "Moscow"]
[Date "1988.??.??"]
[Round "?"]
[White "Baikov, Vladimir A"]
[Black "Yanvarjov, Igor"]
[Result "1/2-1/2"]
[WhiteElo "2375"]
[BlackElo "2325"]

1.d4 Nf6 2.c4 e6 3.Nf3 Bb4+ 4.Bd2 Qe7 5.g3 Nc6 6.Bg2 Bxd2+ 7.Nbxd2 d6 8.O-O O-O
9.e4 e5 10.d5 Nb8 11.Ne1 a5 12.Nd3 Na6 13.f4 Nb4 14.Nxb4 axb4 15.Qb3 c5 16.dxc6 bxc6
17.Qxb4 Qa7+ 18.Kh1 Ng4 19.h3 Ne3 20.Rfc1 exf4 21.gxf4 Nxg2 22.Kxg2 Qe3 23.f5 Qe2+
24.Kh1 d5 25.Rg1 g6 26.Raf1 c5 27.Qxc5 Bxf5 28.exf5 Qxd2 29.fxg6 hxg6 30.Qxd5 Qxd5+
31.cxd5 Rxa2 32.Rg2 Rb8 33.Rff2 Ra1+ 34.Kh2 Rd1 35.Rd2 Rxd2 36.Rxd2 Kf8 37.d6 Ke8
38.d7+ Kd8 39.Kg3 Rb7 40.Kf4 Rxd7 41.Rxd7+ Kxd7 42.Kg5 f5  1/2-1/2

[Event "Moscow-ch"]
[Site "Moscow"]
[Date "1988.??.??"]
[Round "?"]
[White "Baikov, Vladimir A"]
[Black "Naumkin, Igor"]
[Result "1-0"]
[WhiteElo "2375"]
[BlackElo "2485"]

1.d4 Nf6 2.c4 e6 3.Nf3 Bb4+ 4.Bd2 c5 5.Bxb4 cxb4 6.g3 b6 7.Bg2 Bb7 8.O-O O-O
9.Nbd2 d6 10.Re1 a5 11.Qb3 Qe7 12.Rad1 Na6 13.e4 e5 14.Qe3 Ng4 15.Qe2 Nf6
16.h3 Rac8 17.Qe3 Nd7 18.Nh4 g6 19.f4 Nc7 20.Nhf3 Ne6 21.d5 Ng7 22.h4 Nh5
23.Bh3 exf4 24.gxf4 f5 25.e5 b5 26.b3 Rfe8 27.Qd4 Qd8 28.Bf1 Qb6 29.e6 Nc5
30.Ng5 Na4 31.Qxb6 Nxb6 32.Nf7 bxc4 33.bxc4 Rcd8 34.Nxd8 Rxd8 35.c5 dxc5
36.e7 Re8 37.Bb5 Kf7 38.d6 Bc8 39.Nc4  1-0

[Event "URS-ch sf"]
[Site "Moscow"]
[Date "1988.??.??"]
[Round "6"]
[White "Baikov, Vladimir A"]
[Black "Kiselev, Sergey"]
[Result "0-1"]
[WhiteElo "2375"]
[BlackElo "2380"]

1.d4 Nf6 2.c4 e6 3.Nf3 Bb4+ 4.Bd2 Qe7 5.g3 Nc6 6.Nc3 d5 7.a3 Bxc3 8.Bxc3 O-O
9.Bg2 Rd8 10.O-O a5 11.Rc1 Bd7 12.Ne5 Be8 13.Qc2 a4  0-1

[Event "Myslenice"]
[Site "Myslenice"]
[Date "1988.??.??"]
[Round "3"]
[White "Praszak, Michal"]
[Black "Latas, Boguslaw"]
[Result "1-0"]
[WhiteElo "2275"]
[BlackElo "2310"]

1.d4 Nf6 2.c4 e6 3.Nf3 Bb4+ 4.Bd2 c5 5.Nc3 O-O 6.a3 Bxc3 7.Bxc3 Ne4 8.Qc2 Nxc3
9.Qxc3 d6 10.g3 b6 11.Bg2 Bb7 12.Rd1 Qe7 13.O-O Nd7 14.Rfe1 Rac8 15.d5 exd5
16.cxd5 Qf6 17.Qc2 b5 18.Nd2 Nb6 19.e4 c4 20.Nf3 Rfe8 21.Nd4 a6 22.Re3 Na4
23.Rf3 Qd8 24.Nf5 Rc7 25.Nd4 Nc5 26.Re3 Rce7 27.h3 Qb6 28.Rd2 Nd3 29.Qc3 Nc5
30.Rde2 a5 31.Nf5 Re5 32.Qd4 Nd7 33.Qxb6 Nxb6 34.Nxd6 Rb8 35.Nxb5 Na4 36.f4 Re7
37.Nc3 Nxc3 38.bxc3 Rbe8 39.e5 Rd7 40.e6 fxe6 41.dxe6 Rd1+ 42.Re1 Rxe1+ 43.Rxe1 Bxg2
44.Kxg2 Re7 45.f5 Kf8 46.g4 Rb7 47.Re4 Rc7 48.Kf3 Ke7 49.Rd4 h6 50.Rd7+ Rxd7
51.exd7 Kxd7 52.Ke4  1-0

[Event "URS-chT"]
[Site "Naberezhnie Chelni"]
[Date "1988.??.??"]
[Round "?"]
[White "Kishnev, Sergey"]
[Black "Nikolenko, Oleg"]
[Result "1/2-1/2"]
[WhiteElo "2375"]
[BlackElo "2405"]

1.Nf3 Nf6 2.c4 e6 3.d4 Bb4+ 4.Bd2 Bxd2+ 5.Qxd2 d5 6.g3 Ne4 7.Qc2 c5 8.cxd5 exd5
9.dxc5 O-O 10.Bg2 Na6 11.O-O Naxc5 12.b4 Nd7 13.Nbd2 Ndf6 14.Qb2 Qe7 15.Nd4 Bd7
16.Rac1 Rac8 17.a3 Rxc1 18.Qxc1  1/2-1/2

[Event "URS-chT"]
[Site "Naberezhnie Chelni"]
[Date "1988.??.??"]
[Round "?"]
[White "Zlotnik, Boris A"]
[Black "Makarov, Marat"]
[Result "0-1"]
[WhiteElo "2440"]
[BlackElo "2370"]

1.d4 Nf6 2.c4 e6 3.Nf3 Bb4+ 4.Bd2 Qe7 5.g3 b6 6.Bg2 Bb7 7.O-O Bxd2 8.Qxd2 d6
9.Nc3 Ne4 10.Nxe4 Bxe4 11.d5 e5 12.Nh4 Bxg2 13.Kxg2 O-O 14.Nf5 Qf6 15.e4 Nd7
16.b4 a5 17.a3 Ra7 18.h4 h5 19.Ra2 g6 20.Ne3 Qe7 21.Nd1 f5 22.exf5 gxf5 23.f4 e4
24.Ne3 Kh7 25.Rc2 Kg6 26.Rfc1 axb4 27.axb4 Rfa8 28.Rc3 Qf6 29.Kh3 Ra3 30.R1c2 R8a4
31.Rxa3 Rxa3 32.Qe2 Qa1 33.Kg2 Nf6 34.c5 Qd4 35.Nc4 Ra1 36.cxd6 cxd6 37.Qf2 Qd1
38.Kh3 Qh1+ 39.Qh2 Ng4 40.Ne5+ Kf6  0-1

[Event "Naestved op"]
[Site "Naestved"]
[Date "1988.??.??"]
[Round "5"]
[White "Jasnikowski, Zbigniew"]
[Black "Overgaard, Christian Monrad"]
[Result "1-0"]
[WhiteElo "2425"]
[BlackElo "2210"]

1.d4 Nf6 2.c4 e6 3.Nf3 Bb4+ 4.Bd2 Qe7 5.g3 Nc6 6.Nc3 Bxc3 7.Bxc3 Ne4 8.Rc1 O-O
9.Bg2 d6 10.d5 Nxc3 11.Rxc3 Nb8 12.O-O e5 13.Nd2 Nd7 14.f4 f5 15.b4 e4 16.g4 c5
17.dxc6 bxc6 18.b5 Nc5 19.Nb3 Nxb3 20.Qxb3 Rb8 21.Qc2 fxg4 22.Bxe4 g5 23.f5 cxb5
24.cxb5 Bb7 25.Bxb7 Qxb7 26.f6 Qb6+ 27.Kg2 Qxb5 28.Rf5 Qb2 29.Qd3 h6 30.Rxg5+ Kf7
31.Rc7+ Ke8 32.Qe4+  1-0

[Event "New York op"]
[Site "New York"]
[Date "1988.??.??"]
[Round "?"]
[White "Garcia Gonzales, Guillermo"]
[Black "Ivanovic, Bozidar"]
[Result "1/2-1/2"]
[WhiteElo "2485"]
[BlackElo "2530"]

1.d4 Nf6 2.Nf3 e6 3.c4 Bb4+ 4.Bd2 Bxd2+ 5.Qxd2 d5 6.e3 O-O 7.Nc3 Qe7 8.Rc1 Rd8
9.Qc2 dxc4 10.Bxc4 c5 11.O-O Nc6 12.dxc5 Qxc5 13.Ne4 Qe7 14.Rfd1 Nxe4 15.Qxe4 Bd7  1/2-1/2

[Event "New York op"]
[Site "New York"]
[Date "1988.??.??"]
[Round "?"]
[White "Morovic Fernandez, Ivan"]
[Black "Djuric, Stefan"]
[Result "1-0"]
[WhiteElo "2535"]
[BlackElo "2475"]

1.d4 Nf6 2.c4 e6 3.Nf3 Bb4+ 4.Bd2 Bxd2+ 5.Qxd2 O-O 6.Nc3 d5 7.e3 Qe7 8.Rc1 Rd8
9.cxd5 exd5 10.Bd3 c5 11.dxc5 Nc6 12.O-O Ne4 13.Bxe4 dxe4 14.Nd4 Nxd4 15.exd4 Qxc5
16.Rfd1 Qa5 17.Qf4 Qb4 18.Nxe4 Qxb2 19.Ng5 f6 20.Qc7 Rf8 21.Qc4+ Kh8 22.Nf7+ Rxf7
23.Qxf7 Bf5 24.d5 h6 25.d6 Kh7 26.Rc7 Rg8 27.d7 Rd8 28.Qe7  1-0